The Impact of the Chinese Exchange Policy on Foreign Trade with the European Union
Enregistré dans:
| Auteur principal: | |
|---|---|
| Autres auteurs: | |
| Format: | Chapitre de livre |
| Langue: | anglais |
| Tags: |
Pas de tags, Soyez le premier à ajouter un tag!
|
MARC
| LEADER | 00000naa a2200000 4500 | ||
|---|---|---|---|
| 001 | 0307142 | ||
| 005 | 20250707090151.4 | ||
| 041 | 0 | |a eng | |
| 044 | |a PT | ||
| 245 | 1 | 0 | |a The Impact of the Chinese Exchange Policy on Foreign Trade with the European Union |c Ana Cardoso, António Portugal Duarte |
| 100 | 1 | |a Cardoso, Ana | |
| 700 | 1 | |a Duarte, António Portugal | |